Normal view
MARC view
- نظم المعلومات-خدمات المعلومات-الوصول الى المعلومات-الاتصال الرقمي-وسائل الاعلام
Entry Topical Term
001 - CONTROL NUMBER
- control field: 63986
003 - CONTROL NUMBER IDENTIFIER
- control field: JO-AjAnu
005 - DATE AND TIME OF LATEST TRANSACTION
- control field: 20230606084436.0
008 - FIXED-LENGTH DATA ELEMENTS
- fixed length control field: 230606|| aca||aabn | a|a d
040 ## - CATALOGING SOURCE
- Original cataloging agency: JO-AjAnu
- Transcribing agency: JO-AjAnu
150 ## - HEADING--TOPICAL TERM
- Topical term or geographic name entry element: نظم المعلومات-خدمات المعلومات-الوصول الى المعلومات-الاتصال الرقمي-وسائل الاعلام
670 ## - SOURCE DATA FOUND
- Source citation: Work cat.: (JO-AjAnu)32619: عبيدات، عثمان عبد القادر, author 63985, الوعي المعلوماتي والإعلامي=Information And Media Awareness